| 000 | 00788cam a2200253 4500 | ||
|---|---|---|---|
| 001 | J1809 | ||
| 008 | 090401t1993 xxu||||| |||| 00| 0 eng d | ||
| 035 | _a(Sirsi) u45574 | ||
| 041 | _aeng | ||
| 050 | _a711.14 | ||
| 100 | _aCowap, Charles | ||
| 245 | _aCompulsory purchase law for rural practice chartered surveyors. | ||
| 260 |
_aNewport, Salop. _bHarper Adams Agricultural College _c1993 |
||
| 300 | _a43p. ; 30cm. | ||
| 350 | _a0 | ||
| 650 | _aABOUT RICS-RICS MEMBERS | ||
| 650 | _aCOMPENSATION | ||
| 650 |
_aCompulsory purchase _96228 |
||
| 690 | _aENVIRONMENTAL AND LAND CONSULTANCY-PLANNING AND DEVELOPMENT-COMPULSORY PURCHASE AND COMPENSATION | ||
| 700 | _aSlatter, Barrie | ||
| 710 |
_aHarper Adams Agricultural College _91478 |
||
| 942 | _n0 | ||
| 948 | _c04/03/1997 | ||
| 999 |
_c91766 _d91766 |
||